00633nam a22001457a 4500003000400000005001700004008004100021040001400062100002400076245021000100260000900310300002900319500010800348504003100456OSt20171010095445.0120614t xxu||||| |||| 00| 0 eng d aMMSUcULS aNiño, Madilyn G.  aParametric and kinetic studies on the adsorption of basic methylene blue (BMB) dye from a simulated textile mill effluents using narra (Pterocarpus indicus) wood sawdust as an adsorbentcMadilyn G. Niño  c2006 axi, 71 leaves c28 cm.  aThesis (BS Chemical Engineering) -- Mariano Marcos State University-College of Engineering, Batac City  aBibliography: leaves 44-45